logo

Bir Sreshtho Munshi Abdur Rouf Library
Jhenaidah Cadet College

A writer's introduction to word processing / (Record no. 8765)

MARC details
000 -LEADER
fixed length control field 00926cam a2200301 a 4500
001 - CONTROL NUMBER
JCCL Control Number 8765
003 - CONTROL NUMBER IDENTIFIER
JCCL marc code BD-JhCC
005 - DATE AND TIME OF LATEST TRANSACTION
control field 20180303193505.0
008 - FIXED-LENGTH DATA ELEMENTS--GENERAL INFORMATION
fixed length control field 861117s1987 caua 001 0 eng
020 ## - INTERNATIONAL STANDARD BOOK NUMBER
International Standard Book Number 0534078788 (pbk.) :
Terms of availability $6.00 (est.)
035 ## - SYSTEM CONTROL NUMBER
system control number (BD-JhCC)8765
040 ## - CATALOGING SOURCE
Original cataloging agency DLC
Transcribing agency DLC
Modifying agency DLC
-- BD-JhCC
041 ## - LANGUAGE CODE
Language code of Book eng
050 00 - LIBRARY OF CONGRESS CALL NUMBER
Classification number Z52.4
Item number .H83 1987
082 00 - DEWEY DECIMAL CLASSIFICATION NUMBER
Classification number 652/.5
DDC Edition number 19
Author mark and Year HUL 1987
100 1# - MAIN ENTRY--PERSONAL NAME
Personal name Hult, Christine A.
245 12 - TITLE STATEMENT
Title A writer's introduction to word processing /
Statement of responsibility, etc Christine Hult, Jeanette Harris.
260 ## - PUBLICATION, DISTRIBUTION, ETC. (IMPRINT)
Place of publication, distribution, etc Belmont, Calif. :
Name of publisher, distributor, etc Wadsworth Pub. Co.,
Date of publication, distribution, etc c1987.
300 ## - PHYSICAL DESCRIPTION
Pagination ix, 163 p. :
Other physical details ill. ;
Dimensions 23 cm.
500 ## - GENERAL NOTE
General note Includes index.
650 #0 - SUBJECT ADDED ENTRY--TOPICAL TERM
Topical term or geographic name as entry element Word processing.
650 #0 - SUBJECT ADDED ENTRY--TOPICAL TERM
Topical term or geographic name as entry element English language
General subdivision Rhetoric
-- Data processing.
650 #0 - SUBJECT ADDED ENTRY--TOPICAL TERM
Topical term or geographic name as entry element Report writing
General subdivision Data processing.
650 #0 - SUBJECT ADDED ENTRY--TOPICAL TERM
Topical term or geographic name as entry element Authorship
General subdivision Data processing.
700 1# - ADDED ENTRY--PERSONAL NAME
Personal name Harris, Jeanette,
Dates associated with a name 1936-
942 ## - ADDED ENTRY ELEMENTS (KOHA)
Source of classification or shelving scheme Dewey Decimal Classification
Koha item type Books
Holdings
Source of classification or shelving scheme Damaged status Not for loan Home library Current library Shelving location Total Checkouts Full call number Barcode Date last seen Copy number Koha item type
Dewey Decimal Classification     JCC Rouf Library JCC Rouf Library General Stacks   652/.5 HUL 1987 11552 03/03/2018 C - 1 Books

JCC Library | Contacts | JCC Home

Last Update on 23 September 2017
Copyright @ 2017-2020 JCC Rouf Library
Rouf Library, Jhenidah Cadet College (JCC), Bangladesh